Mots français aléatoires en allemand - Statistiques

Statistiques générales
  • Ce quiz a été pris 3 082 fois
  • Le résultat moyen est 13 sur 21
Statistiques - réponses
Français Allemand % Correct
Merci Danke
95%
Allemagne Deutschland
93%
Deux Zwei
92%
Nom Name
91%
Eau Wasser
91%
Trois Drei
90%
Bonjour Hallo
90%
Oui Ja
90%
Mère Mutter
90%
Bien Gut
89%
Avec Mit
88%
Nouveau Neu
86%
Petit Klein
85%
Rouge Rot
85%
l'eau Wasser
85%
Père Vater
84%
Maison Haus
83%
Ville Stadt
83%
Mardi Dienstag
82%
Vous Du
82%
École Schule
82%
Journée Tag
82%
Livre Buch
81%
Amour Liebe
81%
Blanc Weiß
81%
France Frankreich
80%
Femme Frau
78%
An Jahr
78%
Soleil Sonne
78%
Ville Stadt
78%
Pain Brot
76%
Anglais Englisch
76%
Noir Schwarz
76%
Patate Kartoffel
75%
Faux Falsch
73%
Homme Mann
72%
Musée Museum
72%
Bienvenu Wilkommen
72%
Guerre Krieg
71%
Très Sehr
71%
Cheveux Haar
69%
Danse Tanzen
69%
Vie Leben
67%
Jolie Schön
66%
Soir Abend
65%
Ordinateur Computer
64%
Du vin Wein
63%
Carotte Karotte
62%
Fin Ende
61%
Dieu Gott
61%
Fromage Käse
61%
Tête Kopf
61%
Monde Welt
61%
Mort Tot
60%
Autre Andere
58%
Roi König
57%
Roi König
57%
Après Nach
57%
Sans Ohne
57%
Beaucoup Viele
57%
Oiseau Vogel
57%
Sucre Zucker
57%
Prix Preis
56%
Fleur Blume
54%
Cœur Herz
54%
Avion Flugzeug
52%
Moi Mir
52%
Étude Studie
52%
Garçon Junge
51%
Train Zug
51%
Escargot Schnecke
50%
Chaise Stuhl
50%
Nord Norden
47%
Ministre Minister
46%
Chaise Stuhl
45%
Haut Hoch
42%
Reine Königin
39%
Croix Kreuz
39%
Sortie Ausgang
38%
Pont Brücke
38%
Visage Gesicht
38%
Lune Mond
38%
Ciel Himmel
35%
Frites Pommes
35%
Patron Boss
33%
Chérie Schatz
33%
Vérité Wahrheit
31%
Rivière Fluss
30%
Noël Weihnachten
29%
Aliments Essen
28%
Fête Party
28%
Gratuit Kostenlos
24%
Tour Turm
21%
Gras Fett
19%
Chevalier Ritter
9%
Ennui Langeweile
8%
Adieu Abschied
5%
Mine Bergwerk
4%
Ernte Surgir
3%
Frontière Rand
1%
Aucun quiz correspondant
Distribution des résultats
% des personnes avec chaque résultat
Percentile par nombre de réponses
Votre historique - résultats
Vous n’avez pas pris ce quiz